书目信息 |
| 题名: |
西餐烹调技术与工艺
|
|
| 作者: | 倪华 , 李杰 主编 | |
| 分册: | ||
| 出版信息: | 北京 中国商业出版社 2006.09 |
|
| 页数: | 308页 | |
| 开本: | 26cm | |
| 丛书名: | ||
| 单 册: | ||
| 中图分类: | TS972.118 | |
| 科图分类: | ||
| 主题词: | 西式菜肴--xi shi cai yao--烹饪--教材 , 西式菜肴--xi shi cai yao , 烹饪--peng ren | |
| 电子资源: | ||
| ISBN: | 7-5044-5756-6 | |
| 000 | 01017nam0 2200277 450 | |
| 001 | 0109110151 | |
| 005 | 20201109110337.0 | |
| 010 | @a7-5044-5756-6@dCNY48.00 | |
| 100 | @a20070327e20202006em y0chiy50 ea | |
| 101 | 0 | @achi@aeng |
| 102 | @aCN@b110000 | |
| 105 | @aa z 000yy | |
| 106 | @ar | |
| 200 | 1 | @a西餐烹调技术与工艺@Axi can peng tiao ji shu yu gong yi@f倪华, 李杰主编 |
| 210 | @a北京@c中国商业出版社@d2006.09@h2020.01 | |
| 215 | @a308页@c彩图@d26cm | |
| 300 | @a国家技能型、复合型、实用型人才培养培训工程烹饪专业系列教材 | |
| 330 | @a本书主要内容包括西餐概述、厨房常用设备与工具、烹调基本原理、西餐原料、配菜、热菜制作、汤菜制作、开胃菜、冷菜制作、甜食、面点制作以及专业外语知识等。 | |
| 606 | 0 | @a西式菜肴@Axi shi cai yao@x烹饪@j教材 |
| 606 | 0 | @a西式菜肴@Axi shi cai yao |
| 606 | 0 | @a烹饪@Apeng ren |
| 690 | @aTS972.118@v5 | |
| 701 | 0 | @a倪华@Ani hua@c(烹饪)@4主编 |
| 701 | 0 | @c(回)@a李杰@Ali jie@f(1968.4~)@4主编 |
| 801 | 0 | @aCN@bBJSZM@c20201103 |
| 905 | @b1213891-2@dTS972.118@e604@f2 | |
| 西餐烹调技术与工艺/倪华, 李杰主编.-北京:中国商业出版社,2006.09(2020.01) |
| 308页:彩图;26cm |
| 国家技能型、复合型、实用型人才培养培训工程烹饪专业系列教材 |
| ISBN 7-5044-5756-6:CNY48.00 |
| 本书主要内容包括西餐概述、厨房常用设备与工具、烹调基本原理、西餐原料、配菜、热菜制作、汤菜制作、开胃菜、冷菜制作、甜食、面点制作以及专业外语知识等。 |
| ● |
| 相关链接 |
|
|
|
|
正题名:西餐烹调技术与工艺
索取号:TS972.118/604
 
预约/预借
| 序号 | 登录号 | 条形码 | 馆藏地/架位号 | 状态 | 备注 |
| 1 | 1213891 | 212138916 | 第二样本阅览室/ [索取号:TS972.118/604] | 在馆 | |
| 2 | 1213892 | 212138925 | 第三借阅区/ [索取号:TS972.118/604] | 在馆 |